Statistiques concernant Culture Générale - Série 613

Cliquez ici pour prendre le quiz!

Statistiques générales

  • Ce quiz a été pris 71 fois
  • Le résultat moyen est 7 sur 10

Statistiques - réponses

QuestionRéponse% Correct
A quel physicien doit-on l'équation "E = mc²" ?Albert Einstein
95%
Selon le proverbe, la vengeance est un plat qui...se mange froid
94%
Quelle illusion d'optique est connue pour se produire dans le désert ?mirage
92%
En France, par temps sec, quelle est la vitesse maximale autorisée sur autoroute ?130
92%
De quel membre des Beatles Yoko Ono est-elle la veuve ?John Lennon
91%
Etymologiquement, à quelle partie du corps humain l'adjectif "auriculaire" se rapporte-t-il ?oreille
88%
Entre 1999 et 2004, quelle présentatrice, prénommée Evelyne, a animé "C'est mon choix" sur France 3 ?Évelyne Thomas
61%
Dans l'alphabet phonétique de l'OTAN, la lettre A correspond au mot "Alpha". A quel mot correspond la lettre B ?Bravo
61%
En droit, on dit d'une personne que l'on inscrit sur le registre d'une prison, qu'elle est mise sous...écrou
45%
Dans quelle série William Shatner fait-il régner l'ordre en compagnie du fidèle Romano ?Hooker
3%

Distribution des résultats

Percentile par nombre de réponses

% des personnes avec chaque résultat

Votre développement - résultats

Vous n’avez pas pris ce quiz